000 00780nam a2200265 i 4500
001 bg
100 1 _aNOWICKI, Andrzej
245 1 0 _aPolynomial derivations and their rings of constants /
_cAndrzej Nowicki.
260 _aToruń :
_bUMK,
_c1994.
300 _a[2], III, 170 s. ;
_c24 cm.
490 1 _aRozprawy / Uniwersytet Mikołaja Kopernika
504 _aBibliogr. s. 158-166. - Indeks.
650 9 _aAlgebra liniowa
650 9 _aRachunek różniczkowy
650 9 _aWielomiany
710 0 _aUniwersytet Mikołaja Kopernika
830 0 _aRozprawy (Uniwersytet Mikołaja Kopernika)
020 _a832310543X
040 _cBPK
041 0 _aen
080 _a517.2:512.6
920 _a83-231-0543-X
942 _cKS
008 s pl f |000 0 pol
999 _c34192
_d34192
856 _uhttp://koha.tu.koszalin.pl/cgi-bin/koha/opac-detail.pl?biblionumber=34192
_yKatalog online BPK